000 00278nam a2200097Ia 4500
008 200302s9999 xx 000 0 und d
100 _aAuthor
245 _aChina Architecture and Rendering Year Book Office Architecture
260 _bDesign Consultont Co., Ltd.
300 _a1833 P.,
999 _c5165
_d5165